| 000 | 00312nam a22001217a 4500 | ||
|---|---|---|---|
| 020 | _a9788170357834 | ||
| 082 |
_a630.7 _bLAH/MA |
||
| 100 |
_aLahiri. b _aMukhopadhyay. S.D _9300 |
||
| 245 | _aMass Media in Agricultural Extension | ||
| 260 |
_aNew Delhi _bDaya Publishing House _c2012 |
||
| 300 | _a207 | ||
| 942 | _cBK | ||
| 999 |
_c14232 _d14232 |
||